000 00319nam a22001457a 4500
008 221010b ||||| |||| 00| 0 eng d
020 _a0316475890
041 _aeng
080 _2FOURTH EDITION
_a61
082 _a61 JUD
100 _a5
101 _aMJEK
245 _aCLINICAL DIAGNOSIS
_cJUDGE
942 _2udc
_cBK
999 _c58433
_d58433